[Event "Challenge"]
[Site "http://www.queenalice.com/game.php?id=57732"]
[Date "2006.3.16"]
[Round "-"]
[White "toso"]
[Black "plutochess"]
[Result "0-1"]
[WhiteElo "1366"]
[BlackElo "1753"]

1. e4 e5 2. Qh5 Nc6 3. Bb5 Nf6 4. Qh4 Be7 5. Bd3 O-O 6. Nf3 d6 7. O-O Nd5 8. Qg3
Ncb4 9. exd5 Nxd3 10. cxd3 b6 11. Nc3 Ba6 12. Ne1 Re8 13. Nf3 Bxd3 14. Re1 Bf6
15. Ne4 a6 16. Nfg5 Bxg5 17. Nxg5 e4 18. Qh3 Qxg5 19. Re3 Re5 20. Rg3 Qf6 21. b3
Rf5 22. Bb2 Qxb2 23. Re1 Qxd2 24. Rge3 Qxf2+ 25. Kh1 Re8 26. g4 Rf4 27. Qg3 Qxg3
28. hxg3 Rxg4 29. Rxd3 Kf8 30. Rde3 a5 31. Kh2 Re5 32. Rc1 Re7 33. Kh3 Rg5 34.
Rce1 Rge5 35. Rd1 g6 36. Kg4 f5+ 37. Kf4 Kf7 38. Kg5 Kg7 0-1

[Event "Let's Play Chess!"]
[Site "http://www.queenalice.com/game.php?id=57808"]
[Date "2006.3.16"]
[Round "-"]
[White "lastknight"]
[Black "toso"]
[Result "1-0"]
[WhiteElo "1354"]
[BlackElo "1414"]

1. e4 d5 2. exd5 Qxd5 3. Nc3 Qc6 4. Nf3 Nd7 5. d4 Ngf6 6. Bg5 Ne4 7. Bd2 Qe6 8.
d5 Qf5 9. Bd3 Nb6 10. O-O Nxc3 11. Bxc3 Qxd5 12. Re1 Bg4 13. Be4 Qxd1 14. Raxd1
c6 15. Rd2 e6 16. Ne5 f5 17. Nxg4 Nc4 18. Rd4 Nd6 19. Bxf5 h5 20. Rxe6+ Be7 21.
Rdxd6 Rd8 22. Rxd8+ Kxd8 23. Ne5 Rf8 24. Bh3 Rf6 25. Rxf6 Bxf6 26. g3 1-0

[Event "Let's Play Chess!"]
[Site "http://www.queenalice.com/game.php?id=57919"]
[Date "2006.3.17"]
[Round "-"]
[White "toso"]
[Black "plutochess"]
[Result "0-1"]
[WhiteElo "1425"]
[BlackElo "1694"]

1. e4 e5 2. Qh5 Nc6 3. Bb5 g6 4. Qf3 Bc5 5. Nc3 Nd4 6. Qd3 Qf6 7. Nf3 c6 8. Bc4
Ne7 9. O-O h5 10. Nxd4 Bxd4 11. Ne2 c5 12. Nxd4 exd4 13. f3 h4 14. f4 g5 15.
fxg5 Qxg5 16. Bxf7+ Kd8 17. Rf5 Nxf5 18. exf5 h3 19. Qe2 d6 20. g4 Bxf5 21. d3
Qxg4+ 22. Kf1 Qxe2+ 23. Kxe2 Rf8 24. Bg5+ Kc7 25. Bd5 Bg4+ 26. Ke1 Rf5 27. Bxb7
Kxb7 28. Bh6 Re8+ 29. Kd2 Rf2+ 30. Kc1 Re1# 0-1

[Event "Let's Play Chess!"]
[Site "http://www.queenalice.com/game.php?id=57924"]
[Date "2006.3.17"]
[Round "-"]
[White "toso"]
[Black "Olenka"]
[Result "0-1"]
[WhiteElo "1361"]
[BlackElo "1408"]

1. e4 e5 2. Qh5 Nc6 3. Bc4 g6 4. Qf3 Nf6 5. d3 Nd4 6. Qd1 Bg7 7. Be3 d6 8. c3
Nc6 9. Qb3 O-O 10. Qd1 Na5 11. b4 Nxc4 12. dxc4 Nxe4 13. f3 Nf6 14. Bg5 h6 15.
Bxf6 Qxf6 16. Ne2 Qh4+ 17. g3 Qxc4 18. Na3 Qc6 19. O-O Bh3 20. Re1 Qxf3 21. Nf4
Qxd1 22. Raxd1 exf4 0-1

[Event "Carniça"]
[Site "http://www.queenalice.com/game.php?id=57925"]
[Date "2006.3.17"]
[Round "-"]
[White "toso"]
[Black "gilcesar"]
[Result "0-1"]
[WhiteElo "1365"]
[BlackElo "1703"]

1. d4 Nf6 2. e3 d5 3. Nc3 c6 4. Bd3 e6 5. Nf3 Bd6 6. e4 dxe4 7. Bxe4 O-O 8. Bg5
Nbd7 9. Qd3 Qa5 10. h4 Nxe4 11. Qxe4 f5 0-1

[Event "Let's Play Chess!"]
[Site "http://www.queenalice.com/game.php?id=57944"]
[Date "2006.3.17"]
[Round "-"]
[White "TheSimple"]
[Black "toso"]
[Result "0-1"]
[WhiteElo "1086"]
[BlackElo "1397"]

1. d4 Nf6 2. c4 d5 3. cxd5 Qxd5 4. Nc3 Qa5 5. Bd2 e6 6. e4 Qb4 7. e5 Nfd7 8. Nf3
Qxb2 9. Rb1 Qa3 10. Rb3 Qe7 0-1

[Event "go chess"]
[Site "http://www.queenalice.com/game.php?id=58062"]
[Date "2006.3.18"]
[Round "-"]
[White "toso"]
[Black "trompmaster"]
[Result "0-1"]
[WhiteElo "1372"]
[BlackElo "1940"]

1. e4 d6 2. Qf3 Nf6 3. h3 e5 4. Bc4 Be7 5. d3 Nbd7 6. Be3 c6 7. Bg5 a5 8. Ne2 b5
9. Bxf6 Bxf6 10. Bxf7+ Kxf7 11. Qh5+ g6 12. Qf3 Rf8 13. d4 Kg8 14. Qc3 Bb7 15.
dxe5 Nxe5 16. Qb3+ Nc4 17. c3 Kh8 18. Nf4 Qe7 19. f3 Bh4+ 20. Ke2 Rxf4 21. Rg1
Rxe4+ 22. fxe4 Qxe4+ 23. Kd1 Qd3+ 24. Kc1 Bg5+ 25. Nd2 Bxd2+ 26. Kd1 Ne3# 0-1

[Event "Go chess"]
[Site "http://www.queenalice.com/game.php?id=58064"]
[Date "2006.3.18"]
[Round "-"]
[White "toso"]
[Black "Abilio"]
[Result "0-1"]
[WhiteElo "1365"]
[BlackElo "1893"]

1. e4 e5 2. Qh5 d6 3. Bc4 Nh6 4. d4 Bg4 5. Bxf7+ Ke7 6. Qh4+ Kd7 7. Be6+ Bxe6 8.
Bg5 Be7 9. Bxe7 Qxe7 10. Qg3 exd4 11. Nf3 Nc6 12. e5 Nxe5 13. Nxe5+ dxe5 14.
Qxe5 Qb4+ 15. Nd2 Qxb2 16. O-O Qxc2 17. Qxg7+ Bf7 18. Qxh6 Qf5 19. Rab1 b6 20.
Qg7 c5 21. Rfe1 Rag8 22. Qe5 Rxg2+ 0-1

[Event "AUTO-OPEN-235"]
[Site "http://www.queenalice.com/game.php?id=58116"]
[Date "2006.3.18"]
[Round "1"]
[White "Shusen"]
[Black "toso"]
[Result "1-0"]
[WhiteElo "1421"]
[BlackElo "1335"]

1. e3 d5 2. b3 e5 3. Bb2 Bd6 4. h3 Nf6 5. Nf3 Qe7 6. Nc3 d4 7. Na4 Nc6 8. Bb5
Bd7 9. Bc4 Na5 10. Be2 Bxa4 11. bxa4 O-O 12. exd4 exd4 13. O-O Rae8 14. Bxd4
Qxe2 15. Qxe2 Rxe2 16. Bxa7 Bb4 17. c3 Nc4 18. cxb4 Nxd2 19. Nxd2 Rxd2 20. Bc5
1-0

[Event "AUTO-OPEN-235"]
[Site "http://www.queenalice.com/game.php?id=58117"]
[Date "2006.3.18"]
[Round "1"]
[White "toso"]
[Black "Shusen"]
[Result "0-1"]
[WhiteElo "1320"]
[BlackElo "1434"]

1. e4 e6 2. Nf3 c5 3. Nc3 a6 4. d3 Nc6 5. Bg5 Be7 6. Bxe7 Ngxe7 7. g3 b5 8. d4
c4 9. d5 Na7 10. Be2 Ng6 11. dxe6 fxe6 12. O-O O-O 13. b3 Nc6 14. Qd6 Nce7 15.
Rad1 Nc6 16. Nd4 Bb7 17. Bf3 Nce5 18. Bh5 Nf7 19. Qc5 Qg5 0-1

[Event "AUTO-OPEN-235"]
[Site "http://www.queenalice.com/game.php?id=58138"]
[Date "2006.3.18"]
[Round "1"]
[White "Aachen"]
[Black "toso"]
[Result "1-0"]
[WhiteElo "1644"]
[BlackElo "1341"]

1. f4 d5 2. c4 d4 3. b3 Bf5 4. d3 Nf6 5. Bb2 Ng4 6. Nf3 Nc6 7. Na3 e6 8. Nc2
Bb4+ 9. Nd2 Bxd2+ 10. Qxd2 O-O 11. h3 Nf6 12. g4 Bg6 13. Bg2 Qd6 14. a4 a5 15.
O-O Rfd8 16. Bxc6 bxc6 17. Kg2 e5 18. f5 Bxf5 19. gxf5 Re8 20. Kh1 Qd7 21. e4 g6
22. Qg2 Rab8 23. Ra3 c5 24. fxg6 Re6 25. gxh7+ Kxh7 26. Qg5 Rg8 27. Qh4+ 1-0

[Event "AUTO-OPEN-235"]
[Site "http://www.queenalice.com/game.php?id=58139"]
[Date "2006.3.18"]
[Round "1"]
[White "toso"]
[Black "Aachen"]
[Result "0-1"]
[WhiteElo "1372"]
[BlackElo "1695"]

1. e4 e5 2. Qh5 Nc6 3. Bb5 Nge7 4. Bc4 Ng6 5. Qf3 Qe7 6. Nh3 d6 7. d3 h6 8. Nc3
Be6 9. Be3 Bxc4 10. dxc4 O-O-O 11. Nd5 Qe6 12. O-O a6 13. g4 Nh4 14. Qg3 Be7 15.
g5 hxg5 16. Nxg5 Qg6 17. f4 Bxg5 18. fxg5 Qxe4 19. Rxf7 Rd7 20. Rxd7 Kxd7 21.
Bf2 Nf3+ 22. Kf1 Nxh2+ 23. Kg1 Nf3+ 24. Kf1 Rh1+ 25. Kg2 Nxg5+ 26. Qf3 Qxf3# 0-1

[Event "AUTO-OPEN-235"]
[Site "http://www.queenalice.com/game.php?id=58150"]
[Date "2006.3.18"]
[Round "1"]
[White "Blind_Beholder"]
[Black "toso"]
[Result "1-0"]
[WhiteElo "1878"]
[BlackElo "1409"]

1. d4 Nf6 2. c4 d5 3. cxd5 Qxd5 4. Nc3 Qa5 5. Nf3 Bg4 6. Qb3 Bxf3 7. gxf3 b6 8.
e4 Nc6 9. Bb5 Kd7 10. Qc4 Qxb5 11. Nxb5 e6 12. d5 exd5 13. exd5 a6 14. Qxc6+ Ke7
15. d6+ Ke6 16. Nd4+ Ke5 17. f4+ Kxd4 18. Be3+ Kd3 19. Rd1# 1-0

[Event "AUTO-OPEN-235"]
[Site "http://www.queenalice.com/game.php?id=58151"]
[Date "2006.3.18"]
[Round "1"]
[White "toso"]
[Black "Blind_Beholder"]
[Result "0-1"]
[WhiteElo "1341"]
[BlackElo "1916"]

1. e4 c5 2. Bc4 e6 3. d4 Nf6 4. Bg5 Qa5+ 5. Bd2 Qb6 6. e5 Ne4 7. Bc3 Nc6 8. f3
Nxc3 9. bxc3 cxd4 10. cxd4 Nxd4 11. c3 Nc6 12. Bd3 Nxe5 13. f4 Nxd3+ 14. Qxd3
Qb2 15. Qd2 Qxa1 16. Qc2 Bc5 17. Nf3 b6 18. Kd2 Ba6 19. Rc1 Bc4 20. Ne5 Qxa2 21.
Qxa2 Bxa2 22. Na3 Bxa3 23. Ra1 Bd5 0-1

[Event "Let's Play Chess!"]
[Site "http://www.queenalice.com/game.php?id=58322"]
[Date "2006.3.20"]
[Round "-"]
[White "jsiebel"]
[Black "toso"]
[Result "0-1"]
[WhiteElo "1488"]
[BlackElo "1233"]

1. e4 d5 2. e5 Nc6 3. d4 f6 4. Nf3 Bg4 5. Be2 Bxf3 6. Bxf3 e6 7. exf6 Nxf6 8.
O-O Bd6 9. Re1 O-O 10. Rxe6 Re8 11. Bxd5 Nxd5 12. Rxe8+ Qxe8 13. Nc3 Nxc3 14.
bxc3 Qe7 15. d5 Re8 16. Bd2 Qe5 17. dxc6 Qxh2+ 0-1